Zelená logistika bakalárska práca

Gespeichert in:
Bibliographische Detailangaben
1. Verfasser: Plocháňová, Barbora
Körperschaft: Fakulta podnikového manažmentu EU. Katedra manažmentu výroby a logistiky - zrušená
Weitere Verfasser: Melich, Pavel
Format: Buch
Sprache:Slowakisch
Veröffentlicht: Bratislava 2019
Tags: Tag hinzufügen
Keine Tags, Fügen Sie das erste Tag hinzu!

MARC

LEADER 00000nbm a2200000 4500
001 0255497
005 20190625092313.9
041 0 |a slo 
044 |a SK 
245 1 0 |a Zelená logistika  |b bakalárska práca  |c Barbora Plocháňová ; školiteľ: Pavel Melich 
264 1 |a Bratislava  |c 2019 
300 |a 54 s. 
100 1 |a Plocháňová, Barbora 
700 1 |a Melich, Pavel 
710 2 |a Fakulta podnikového manažmentu EU. Katedra manažmentu výroby a logistiky - zrušená